| 000 | 00418cam a2200181ua 4500 | ||
|---|---|---|---|
| 001 | 1641 | ||
| 008 | 110714n ii |||gr||||Z||||||eng | ||
| 040 | _cMAIN | ||
| 082 | _a339.01 | ||
| 100 | 1 |
_aGupta, K. R., _d1976, |
|
| 245 | 1 |
_aMacro economics _cby K. R. Gupta |
|
| 250 | _a3rd. | ||
| 260 |
_aDelhi: _bAtma Ram & Sons. |
||
| 300 |
_a588p: _c23cm. |
||
| 653 | _aEconomics | ||
| 653 | _aMacro economics | ||
| 942 | _cBK | ||
| 999 |
_c1528 _d1528 |
||